000
00329nam a2200133Ia 4500
008
240624s9999 xx 000 0 und d
041
_a
eng
082
_a
658.15244 FIG
100
_a
FIGHT ANDREW
245
_a
CASH FLOW FORECASTING
260
_c
2007
_a
New Delhi
_b
Elsevier
300
_a
x, : 252 : p. : cm. ; 23
365
_c
RS
_b
33
999
_c
4571
_d
4571